00531 2200193 4500001002100000005001500021035002000036007000300056008004100059020002200100082001000122084001600132100001100148245006500159260003400224300002900258650003400287990001600321INLIS00000000000733920241010115413 a0010-1024000022ta241010 0 ind  a978-979-769-917-8 a658.3 a658.3 KAS m0 aKasmir1 aManajemen sumber daya manusia (teori dan paraktik) /cKasmir aDepok :bRajawali pers,c2019 axii,370p :bilus ;c23cm 4aManajemen sumber daya manusia a00000012682